000 00730nam a2200205Ii 4500
003 JO-AjNU
008 230605s9999||||xx |||||||||||||| ||und||
040 _aJO-AjNU
_bara
_erda
_cJO-AjNU
041 _aara
050 1 4 _aBP193.3.K39 2000
100 3 _aالقزويني، أمير محمد,
_eauthor
_97101
245 0 0 _aالآلوسي والتشيع
250 _aط1
264 3 1 _aبيروت: مركز الغدير للدراسات الاسلامية، 2000
300 _a445ص
_bمصادر الكتاب ص431-434
336 _atext
_btxt
_2rdacontent
337 _aunmediated
_bn
_2rdamedia
338 _avolume
_bnc
_2rdacarrier
650 4 _aالاثنا عشرية- فرقة اسلامية- الآلوسي الكبير
_97102
999 _aA108
_c3676
_d3676